00434nam a22001337a 450000500170000000800410001704100230005808200120008110000230009324500670011626000650018330000260024865000260027420240822083228.0240822b |||||||| |||| 00| 0 eng d aEnglish/Afrikaans  a349 UNI lEnglish/Afrikaans  aThe Union Statutes: Classified and Annotated Reprint 1910-1947 aDurban: bButterworth and Company (South Africa) Ltd, c1967 b1090 pages; c25 cm.  aLegal practice bLaw